Записки о Галльской войне (Запись № 7097848)

Подробности
000 -МАРКЕР
контрольное поле 01311nam0a22003011 4500
001 - ИДЕНТИФИКАТОР ЗАПИСИ
контрольное поле v19\rc\1994895
005 - ИДЕНТИФИКАТОР ВЕРСИИ
контрольное поле 20251118181237.4
035 ## - ДРУГИЕ СИСТЕМНЫЕ НОМЕРА
Идентификатор записи (NLR Aleph) 005071233
100 ## - ДАННЫЕ ОБЩЕЙ ОБРАБОТКИ
Данные общей обработки 20080811d1914 |||y0rusy50 ca
101 1# - ЯЗЫК РЕСУРСА
Язык текста, звукозаписи и т.д. русский
-- латинский
Язык оригинала латинский
102 ## - СТРАНА ПУБЛИКАЦИИ ИЛИ ПРОИЗВОДСТВА
Страна публикации Российская Федерация
105 ## - ПОЛЕ КОДИРОВАННЫХ ДАННЫХ: ТЕКСТОВЫЕ МАТЕРИАЛЫ, МОНОГРАФИЧЕСКИЕ
Кодированные данные о монографическом текстовом документе y z |||||
200 1# - ЗАГЛАВИЕ И СВЕДЕНИЯ ОБ ОТВЕТСТВЕННОСТИ
Основное заглавие Записки о Галльской войне
Параллельное заглавие (Commentarii de bello Gallico)
Сведения, относящиеся к заглавию Книга первая
-- Лат. текст, слов., граммат. разбор, рус. пер. и коммент. к тексту
Первые сведения об ответственности Ю. Цезарь
Последующие сведения об ответственности Пер. на рус. яз., снабдил слов., граммат. разбором и коммент. И. Вайсблит
Язык параллельного заглавия латинский
205 ## - СВЕДЕНИЯ ОБ ИЗДАНИИ
Сведения об издании 3-е изд.
210 ## - ПУБЛИКАЦИЯ, РАСПРОСТРАНЕНИЕ И ДР.
Место издания, распространения и т.д. Киев
-- Санкт-Петербург
-- Одесса
Имя издателя, распространителя и т. д. П.И. Бонадурер, влад. Юж.-Рус. кн-ва Ф.А. Иогансон
Дата издания, распространения и т.д. 1914
215 ## - ФИЗИЧЕСКАЯ ХАРАКТЕРИСТИКА
Специфическое обозначение материала и объем 238 с.
Размеры 22
510 0# - ПАРАЛЛЕЛЬНОЕ ЗАГЛАВИЕ
Параллельное заглавие (Commentarii de bello Gallico)
Язык заглавия латинский
700 #1 - ИМЯ ЛИЦА - ПЕРВИЧНАЯ ОТВЕТСТВЕННОСТЬ
Начальный элемент ввода Цезарь
Часть имени, кроме начального элемента ввода Г. Ю.
Даты 102 или 100 - 44 до н. э.
Расширение инициалов личного имени Гай Юлий
702 #1 - ИМЯ ЛИЦА - ВТОРИЧНАЯ ОТВЕТСТВЕННОСТЬ
Начальный элемент ввода Вайсблит
Часть имени, кроме начального элемента ввода И.
Код отношения Переводчик
-- Комментатор печатного текста
801 #0 - ИСТОЧНИК ЗАПИСИ
Страна Российская Федерация
Организация NLR
Правила каталогизации psbo
801 #0 - ИСТОЧНИК ЗАПИСИ
Страна Российская Федерация
Организация RuMoRGB
Источник данных psbo
801 #1 - ИСТОЧНИК ЗАПИСИ
Страна Российская Федерация
Организация ProSoft-M
Источник данных rusmarc
852 ## - МЕСТОНАХОЖДЕНИЕ И ШИФР ХРАНЕНИЯ
Идентификатор организации NLR
Шифр хранения (Call Number) 37.65.7.6
899 ## - ДАННЫЕ О МЕСТОНАХОЖДЕНИИ (устаревшее)
Местонахождение RuMoRGB
Шифр хранения V 66/48
899 ## - ДАННЫЕ О МЕСТОНАХОЖДЕНИИ (устаревшее)
Местонахождение БАН
942 ## - ДОПОЛНИТЕЛЬНЫЕ ЭЛЕМЕНТЫ ЗАПИСИ (АБИС)
Тип экземпляра АБИС Книга
980 ## - КОЛЛЕКЦИЯ
Название коллекции Национальная библиография
Экземпляры
Тип экземпляра Дата поступления Библиотека постоянного хранения Библиотека текущего хранения Место хранения Шифр хранения Штрих-код Статус экземпляра
Книга 26.10.2013 РНБ (Московский) РНБ (Московский) Неопределен, для заказа не доступен, в ЭК виден   5071233-30  
Книга 26.10.2013 РНБ (Садовая) РНБ (Садовая) Русский книжный фонд -Главное здание, Ленинский читальный зал 37.65.7.6 5071233-10